Effective Business Communication (Record no. 115242)

MARC details
000 -LEADER
fixed length control field 00393pam a2200157 a 4500
020 ## - INTERNATIONAL STANDARD BOOK NUMBER
Terms of availability
041 ## - LANGUAGE CODE
Language code of original
082 ## - DEWEY DECIMAL CLASSIFICATION NUMBER
Classification number 658.45000000000005
Item number MUR
100 ## - MAIN ENTRY--PERSONAL NAME
Personal name Murpgy,H.A.
245 ## - TITLE STATEMENT
Title Effective Business Communication
Medium Textual Documents
250 ## - EDITION STATEMENT
Edition statement 7th ed
260 ## - PUBLICATION, DISTRIBUTION, ETC.
Place of publication, distribution, etc. America
Name of publisher, distributor, etc. Mcgraw Hill Book Company Limited
Date of publication, distribution, etc. 1997
300 ## - PHYSICAL DESCRIPTION
Extent XXII/617
700 ## - ADDED ENTRY--PERSONAL NAME
Personal name Hildebraldt,H.W.
930 ## - EQUIVALENCE OR CROSS-REFERENCE-UNIFORM TITLE HEADING [LOCAL, CANADA]
Uniform title 8415
Holdings
Withdrawn status Lost status Damaged status Not for loan Collection Home library Current library Shelving location Date acquired Source of acquisition Cost, normal purchase price Total Checkouts Full call number Barcode Date last seen Date last checked out Copy number Price effective from Koha item type
          Abhijit Kadam Institute of Management & Social Science, Solapur Abhijit Kadam Institute of Management & Social Science, Solapur   01/08/2010 Bharati Madhyavarti Sahakari Grahakbhandar Limited 2397.60 5 658.45000000000005 MUR AKS-M-09574 21/04/2026 11/04/2026 1 01/03/2023 Book